| 000 | 01030nam a22001935i 4500 | ||
|---|---|---|---|
| 001 | 166547 | ||
| 003 | ES-MaACL | ||
| 005 | 20250730063147.0 | ||
| 008 | 960529s1795 sp |||| | spa d | ||
| 040 |
_aCAV _bspa _cCCPB | SIC |
||
| 100 | 1 |
_aTorres Villarroel, Diego de, _d1693-1770 _9111026 |
|
| 245 | 1 | 0 |
_aJuguetes de Talia, entretenimientos del numen _b: varias poesias que á diferentes asuntos / _cescribió... Diego de Torres Villarroel... ; tomo VII. |
| 260 |
_aMadrid : _ben la imprenta de la viuda de Ibarra, _c1795. |
||
| 300 |
_a[10], 329, [2] p. ; _c8\po\s. |
||
| 596 | _aMarca tip. en port. | ||
| 597 | _aSign.:A-X8, Y3. | ||
| 852 |
_aES-MaACL _jR-2207-21 _z-- Enc. pasta española _z-- Las últimas [2] pp., deben ir numeradas en romanos y están mál enc. como indican los reclamos. Tienen que ir enc. entre los prelim. y el texto. En este ejemp. también están mal enc. _x-- Edic.: según Palau, es el T. VII de la segunda ed. de las "Obras"Olim: C-31414-28. |
||
| 999 |
_c166547 _d166547 |
||